000 00446nam a2200169Ia 4500
005 20250423095016.0
008 250422s9999 xx 000 0 und d
020 _a9789780290160
050 _aJQ 3090 .K85/
100 _aKukah, Matthew Hassan
245 0 _aDemocracy and civil society in Nigeria
260 _aIbadan
260 _c2007
300 _a305 p
650 _a Democracy--Nigeria. Civil society--Nigeria.
942 _cBK
999 _c28961
_d28961